Fundamentals of multiphase flow / (رقم التسجيلة. 22301)

تفاصيل مارك
000 -الفاتح
حقل البيانات ثابتة الطول 01102cam a22003257a 4500
001 - رقم الضبط
رقم الضبط 15996082
003 - محدد رقم الضبط
رقم الضبط OSt
005 - وقت وتاريخ اخر تعامل مع التسجيلة
رقم الضبط 20150408114025.0
008 - عناصر البيانات ثابتة الطول - معلومات عامة
حقل البيانات ثابتة الطول 091124r20092005enk 001 0 eng
010 ## - رقم ضبط مكتبة الكونجرس
رقم ضبط مكتبة الكونجرس 2009517878
015 ## - رقم الببليوجرافية الوطنية
رقم الببليوجرافية الوطنية GBA961802
المصدر bnb
016 7# - رقم ضبط الوكاله الوطنية للضبط الببليوجرافي
رقم ضبط التسجيلة 015296728
المصدر Uk
020 ## - الرقم الدولى المعيارى للكتب
الرقم الدولى المعيارى للكتاب 9780521139984 (pbk.)
020 ## - الرقم الدولى المعيارى للكتب
الرقم الدولى المعيارى للكتاب 0521139988 (pbk.)
035 ## - رقم ضبط النظام
رقم ضبط النظام (OCoLC)ocn416255744
040 ## - مصدر الفهرسة
وكالة الفهرسة الأصلية UKM
وكالة النسخ UKM
وكالة التعديل YDXCP
-- DLC
042 ## - رمز التحقق
رمز التحقق lccopycat
050 00 - رقم طلب مكتبة الكونجرس
رقم التصنيف TA357.5.M84
رقم المادة B76 2009
082 04 - رقم تصنيف ديوى العشرى
رقم التصنيف 620.1064
رقم الطبعة 22
100 1# - المدخل الرئيسى - إسم شخصى
الإسم الشخصى Brennen, Christopher E.
الشكل الأكمل للاسم (Christopher Earls),
التواريخ المصاحبة للاسم 1941-
9 (RLIN) 13132
245 10 - بيان العنوان
العنوان Fundamentals of multiphase flow /
بيان المسئوليه,etc Christopher Brennen.
250 ## - بيان الطبعة
بيان الطبعة 1st pbk. ed.
260 ## - PUBLICATION, DISTRIBUTION, ETC. (IMPRINT)
مكان الناشر او الموزع Cambridge, UK ;
-- New York :
اسم الناشر او الموزع Cambridge University Press,
تاريخ النشر أو التوزيع 2009.
300 ## - الوصف المادى
التعداد 345 p. ;
أبعاد الوعاء 26 cm.
500 ## - تبصرة عامة
تبصرة عامة Originally published: 2005.
504 ## - تبصرة ببليوجرافية
تبصرة ببليوجرافية,الخ Includes bibliographical references and index.
650 #0 - المدخل الاضافى بالموضوع-مصطلح موضوعى
مصطلح موضوعي أو اسم جغرافي كعنصر مدخل Multiphase flow.
9 (RLIN) 12013
942 ## - عناصر المدخل الإضافي( كوها)
مصدر التصنيف او مخطط الترفيف Dewey Decimal Classification
Koha [default] item type كتاب
المقتنيات
حالة الفقد نموذج السعر الفعال حالة تلف ليس للاعارة رقم الطلب تاريخ الاكتساب الموقع الحالي الباركود الفرع الرئيسي Date last seen نوع المادة فى نظام كوها مصدر التصنيف او خطة الترفيف Total Checkouts Total Renewals Date last checked out
  2013-03-10     620.1064 B C F 2012-05-10 المكتبة المركزية بالمجمعة (CL) 00086236 المكتبة المركزية بالمجمعة (CL) 2013-03-10 كتاب Dewey Decimal Classification      
  2013-03-10     620.1064 B C F 2012-05-10 المكتبة المركزية بالمجمعة (CL) 00086234 المكتبة المركزية بالمجمعة (CL) 2013-03-10 كتاب Dewey Decimal Classification      
  2013-03-10     620.1064 B C F 2012-05-10 المكتبة المركزية بالمجمعة (CL) 00086235 المكتبة المركزية بالمجمعة (CL) 2018-05-22 كتاب Dewey Decimal Classification 2 1 2017-10-26